000
00212nam a2200097Ia 4500
008
220216s9999 xx 000 0 und d
245
0
_a
Stump planting
260
_b
Planter
_c
1956
300
_a
571-576
942
_c
JS
999
_c
69887
_d
69887